Detalles MARC
| 000 -LEADER |
| fixed length control field |
01255nam a2200289 a 4500 |
| 001 - CONTROL NUMBER |
| control field |
000028575 |
| 003 - CONTROL NUMBER IDENTIFIER |
| control field |
DO-SdBNP |
| 005 - DATE AND TIME OF LATEST TRANSACTION |
| control field |
20221128123533.0 |
| 008 - FIXED-LENGTH DATA ELEMENTS--GENERAL INFORMATION |
| fixed length control field |
110411s1969 dr 000 0 spa d |
| 040 ## - CATALOGING SOURCE |
| Original cataloging agency |
DO-SdBNP |
| Language of cataloging |
spa |
| Transcribing agency |
BPMSU |
| 082 ## - DEWEY DECIMAL CLASSIFICATION NUMBER |
| Classification number |
330.97293 |
| Item number |
R788f 1969 |
| Edition number |
22 |
| 100 1# - MAIN ENTRY--PERSONAL NAME |
| Personal name |
Rosa, Antonio de la, |
| Dates associated with a name |
1864-1924 |
| 240 14 - UNIFORM TITLE |
| Uniform title |
<a href="Les finances de Saint-Domingue et le controle Américain">Les finances de Saint-Domingue et le controle Américain</a> |
| Language of a work |
español |
| 245 13 - TITLE STATEMENT |
| Title |
Las finanzas de Santo Domingo y el control americano / |
| Statement of responsibility, etc. |
Antonio de la Rosa ; edición de José Chez Checo. |
| 260 ## - PUBLICATION, DISTRIBUTION, ETC. (IMPRINT) |
| Place of publication, distribution, etc. |
Santo Domingo : |
| Name of publisher, distributor, etc. |
Editora de Santo Domingo, |
| Date of publication, distribution, etc. |
1969 |
| 300 ## - PHYSICAL DESCRIPTION |
| Extent |
297 p. ; |
| Dimensions |
24 cm. |
| 500 ## - GENERAL NOTE |
| General note |
Incluye reproducción facsímilar de la portada de la edición: París: A. Pedone, Editeur, 1915. |
| 534 ## - ORIGINAL VERSION NOTE |
| Introductory phrase |
Publicado originamente en francés: |
| Title statement of original |
Les finances de Saint-Domingue et le controle AmericainA. Pedone. |
| Publication, distribution, etc. of original |
París: A. Pedone Editeur, 1915. |
| 590 ## - LOCAL NOTE (RLIN) |
| Local note |
Inventariado. 2022/VM |
| 650 #4 - SUBJECT ADDED ENTRY--TOPICAL TERM |
| Topical term or geographic name as entry element |
Finanzas públicas |
| 650 #4 - SUBJECT ADDED ENTRY--TOPICAL TERM |
| Topical term or geographic name as entry element |
Inversiones estadounidenses |
| Geographic subdivision |
República Dominicana |
| 651 #4 - SUBJECT ADDED ENTRY--GEOGRAPHIC NAME |
| Geographic name |
República Dominicana |
| General subdivision |
Condiciones económicas |
| Chronological subdivision |
Siglo XIX |
| 651 #4 - SUBJECT ADDED ENTRY--GEOGRAPHIC NAME |
| Geographic name |
República Dominicana |
| General subdivision |
Condiciones sociales |
| Chronological subdivision |
Siglo XIX |
| 700 z# - ADDED ENTRY--PERSONAL NAME |
| Personal name |
Checo, José Chez, 1949- |
| 910 ## - USER-OPTION DATA (OCLC) |
| User-option data |
VMateo V./Validado |
| 942 ## - ADDED ENTRY ELEMENTS (KOHA) |
| Source of classification or shelving scheme |
Dewey Decimal Classification |
| Koha item type |
Libros |